UBT Library

The essential agrarian reader : (Record no. 41339)

000 -LEADER
fixed length control field 00784cam a22002414a 4500
001 - CONTROL NUMBER
control field 13163387
005 - DATE AND TIME OF LATEST TRANSACTION
control field 20180131040203.0
008 - FIXED-LENGTH DATA ELEMENTS--GENERAL INFORMATION
fixed length control field 030415s2003 kyua b 001 0 eng
010 ## - LIBRARY OF CONGRESS CONTROL NUMBER
LC control number 2003008808
020 ## - INTERNATIONAL STANDARD BOOK NUMBER
International Standard Book Number 0813122856 (alk. paper)
040 ## - CATALOGING SOURCE
Original cataloging agency DLC
Transcribing agency DLC
Modifying agency DLC
041 ## - LANGUAGE CODE
Language code of text/sound track or separate title eng
042 ## - AUTHENTICATION CODE
Authentication code pcc
080 ## - UNIVERSAL DECIMAL CLASSIFICATION NUMBER
Universal Decimal Classification number 338.1 nor
082 00 - DEWEY DECIMAL CLASSIFICATION NUMBER
Classification number 338.1 nor
Edition number 21
100 ## - Rafti
Rafti 9
101 ## - Shkurtesa
Shkurtesa mje
245 04 - TITLE STATEMENT
Title The essential agrarian reader :
Statement of responsibility, etc edited by Norman Wirzba.
504 ## - BIBLIOGRAPHY, ETC. NOTE
Bibliography, etc Includes bibliographical references (p. 267-269) and index.
906 ## - LOCAL DATA ELEMENT F, LDF (RLIN)
a 7
b cbc
c orignew
d 1
e ecip
f 20
g y-gencatlg
942 ## - ADDED ENTRY ELEMENTS (KOHA)
Source of classification or shelving scheme
Item type Books
Holdings
Withdrawn status Lost status Source of classification or shelving scheme Damaged status Not for loan Collection code Permanent location Current location Shelving location Date acquired Total Checkouts Full call number Barcode Date last seen Price effective from Koha item type
          Koleksioni i përgjithshem UBT - Lipjan UBT - Lipjan Koleksioni i përgjithshem 01/31/2018   338.1 nor 002-2996867 01/31/2018 01/31/2018 Books
UBT Library © 2015-2024. All rights reserved University Education for Business and Technology